Music Trivia: "Blues" Songs and Artists - Statistics

General Stats
  • This quiz has been taken 36 times
  • The average score is 7 of 15
Answer Stats
Hint Answer % Correct
Folsom Prison Blues Johnny Cash
84%
Subterranean Homesick Blues Bob Dylan
81%
Summertime Blues Eddie Cochran, The Who, Alan Jackson, Blue Cheer, Brian Setzer
72%
Stray Cat Blues The Rolling Stones
69%
Cross Road Blues Robert Johnson
63%
Bell Bottom Blues Derek and the Dominos or Eric Clapton
56%
Yer Blues The Beatles
53%
Roadhouse Blues The Doors
53%
Deacon Blues Steely Dan
44%
Statesboro Blues Blind Willie McTell, Taj Mahal or The Allman Brothers Band
41%
Young Man Blues Mose Allison or The Who
38%
Honky Tonk Blues Hank Williams Sr.
22%
The Memphis Blues W.C. Handy
9%
Blue Jean Blues ZZ Top
9%
Workin' Man Blues Merle Haggard
6%
No matching quizzes found
Score Distribution
Percent of People with Each Score
Percentile by Number Answered
Your Score History
You have not taken this quiz